Представление документа в формате MARC21

Поле Инд. ПП Название Значение
Тип записи a
Библиографический уровень m
001 Контрольный номер RU/IS/BASE/212249983
005 Дата корректировки 20240205135311.3
020 a ISBN 985-6190-73-8
040 b Код языка каталог. rus
041 0_ a Код языка текста rus
080 a Индекс УДК 004.42
084 a Индекс другой классификации/Индекс ББК 32.973.26-018.2
090 a Полочн. индекс 681.3
x Авторский знак Э75
097 b Оператор 11
100 1_ a Автор Эрдос Д.
245 10 a Заглавие CorelDRAW 5.0 для Windows
c Ответственность пер. с англ.
260 a Место издания Мн.
b Издательство Попурри
c Дата издания 1996
300 a Объем 352 с.
510 0_ a Примечание о ссылках Книги и методические пособия
650 04 a Основная рубрика 50.41 Программное обеспечение вычислительных машин, комплексов и сетей
x Основная подрубрика 50.41.25 Прикладное программное обеспечение
653 0_ a Ключевые слова CorelDraw; компьютерная графика; прикладные программы
901 t Тип документа m